Le colosse aux pieds d'argile (Record no. 156734)

MARC details
000 -LEADER
campo de control de longitud fija 00586nam a22001815i 4500
001 - NÚMERO DE CONTROL
campo de control 156734
003 - IDENTIFICADOR DE NÚMERO DE CONTROL
campo de control ES-MaACL
005 - FECHA Y HORA DE LA ÚLTIMA TRANSACCIÓN
campo de control 20230906210501.0
008 - DATOS DE LONGITUD FIJA--INFORMACIÓN GENERAL
campo de control de longitud fija 990701s1899 fr |||| | fre d
040 ## - FUENTE DE CATALOGACIÓN
Centro catalogador/agencia de origen GA
Lengua de catalogación spa
Centro/agencia transcriptor CCPB | 3D
100 1# - ENTRADA PRINCIPAL--NOMBRE DE PERSONA
Nombre de persona La Poulaine, Jean de.
9 (RLIN) 128524
245 13 - MENCIÓN DEL TÍTULO
Título Le colosse aux pieds d'argile
Resto del título : étude sur l'Angleterre /
Mención de responsabilidad, etc. par Jean de La Poulaine.
260 ## - PUBLICACIÓN, DISTRIBUCIÓN, ETC.
Lugar de publicación, distribución, etc. Paris :
Nombre del editor, distribuidor, etc. E. Plon, Nourrit et Cie.,
Fecha de publicación, distribución, etc. 1899.
300 ## - DESCRIPCIÓN FÍSICA
Extensión VIII, 291 p. ;
Dimensiones 19 cm.
596 #1 - NOTA AL PIE DE IMPRENTA
NOTA AL PIE DE IMPRENTA Marca de ed. en port.
752 ## - ENTRADA AGREGADA--NOMBRE JERÁRQUICO DEL LUGAR
País o entidad superior Francia -
Ciudad París
852 ## - LOCALIZACIÓN
Ubicación ES-MaACL
Número de control de estantería D-5076
Nota libre -- Enc. hol.
Holdings
Estatus retirado Estado de pérdida Estado de daño No para préstamo Colección Biblioteca de origen Biblioteca actual Ubicación en estantería Fecha de adquisición Fuente de adquisición Total de préstamos Signatura topográfica completa Código de barras Visto por última vez Precio de reemplazo Tipo de ítem Koha
        Libros del s. XIX Biblioteca del Ateneo de Madrid Biblioteca del Ateneo de Madrid Sala Valle Inclán 17/01/2008     D-5076 901163980 23/02/2023 23/02/2023 Libro impreso antiguo